000 00840nmm a2200289 a 4500
001 ocm000891410
003 TR-IsHL
005 20201028144512.0
008 141121s2014 tu tur
007 cr cn
020 _a9786055394806
035 _a891410
_b(N$T)
050 0 4 _aRA784
_b.Ç34 2014
090 0 4 _aRA784
_b.Ç34 2014
100 1 _aÇağatay, Hülya
245 1 0 _aÇantamda diyet
_h[electronic resource] /
_cHülya Çağatay
260 _aİstanbul :
_bYediveren Yayınları,
_c2014
300 _a169 p.
650 4 _aTıp
650 4 _aMedicine
650 0 _aDiets
650 0 _aDiyetler
650 0 _aBeslenme
650 0 _aNutrition
650 7 _aHEALTH & FITNESS / Diet & Nutrition / Diets
_2bisacsh
856 4 0 _uhttp://search.ebscohost.com/login.aspx?direct=true&scope=site&db=e011xww&AN=891410
999 _c9457
_d9457